Restless faith : (Record no. 9243)

MARC details
000 -LEADER
fixed length control field 02025cam a22003378i 4500
001 - CONTROL NUMBER
control field 1039366763
003 - CONTROL NUMBER IDENTIFIER
control field OCoLC
005 - DATE AND TIME OF LATEST TRANSACTION
control field 20241126110708.0
008 - FIXED-LENGTH DATA ELEMENTS--GENERAL INFORMATION
fixed length control field 180630s2019 miu b 001 0 eng c
010 ## -
-- 2018028041
020 ## - INTERNATIONAL STANDARD BOOK NUMBER
International Standard Book Number 9781587433924
Qualifying information (pbk. : alk. paper)
020 ## - INTERNATIONAL STANDARD BOOK NUMBER
International Standard Book Number 1587433923
020 ## - INTERNATIONAL STANDARD BOOK NUMBER
International Standard Book Number 9781587434334
Qualifying information (casebound)
020 ## - INTERNATIONAL STANDARD BOOK NUMBER
International Standard Book Number 1587434334
Qualifying information (casebound)
035 ## - SYSTEM CONTROL NUMBER
System control number (OCoLC)1039366763
040 ## - CATALOGING SOURCE
Original cataloging agency LBSOR/DLC
Language of cataloging eng
Description conventions rda
Transcribing agency DLC
Modifying agency OCLCO
-- OCLCF
-- YDX
-- BCT
-- UKMGB
-- CNTCS
-- IMD
-- ICW
-- CLE
-- IHT
042 ## -
-- pcc
043 ## -
-- n-us---
082 ## - DEWEY DECIMAL CLASSIFICATION NUMBER
Classification number 277.3082
Item number MOU
092 ## - LOCALLY ASSIGNED DEWEY CALL NUMBER (OCLC)
Classification number 277.3082
Item number M934R
100 1# - MAIN ENTRY--PERSONAL NAME
Personal name Mouw, Richard J.,
Relator term author
9 (RLIN) 16071
245 10 - TITLE STATEMENT
Title Restless faith :
Remainder of title holding evangelical beliefs in a world of contested labels /
Statement of responsibility, etc. Richard J. Mouw
264 #1 - PRODUCTION, PUBLICATION, DISTRIBUTION, MANUFACTURE, AND COPYRIGHT NOTICE
Place of production, publication, distribution, manufacture Grand Rapids, Michigan :
Name of producer, publisher, distributor, manufacturer Brazos Press,
Date of production, publication, distribution, manufacture, or copyright notice [2019]
264 #4 - PRODUCTION, PUBLICATION, DISTRIBUTION, MANUFACTURE, AND COPYRIGHT NOTICE
Date of production, publication, distribution, manufacture, or copyright notice 2019
300 ## - PHYSICAL DESCRIPTION
Extent vii, 180 pages ;
Dimensions 22 cm
504 ## - BIBLIOGRAPHY, ETC. NOTE
Bibliography, etc. note Includes bibliographical references and index
520 ## - SUMMARY, ETC.
Summary, etc. "One of the most influential evangelical voices in America chronicles what it has meant for him to spend the past half century as a 'restless evangelical'--a way of maintaining his identity in an age when many claim the label 'evangelical' is no longer viable. Richard Mouw candidly reflects on wrestling with traditional evangelical beliefs over the years and shows that although his mind has changed in some ways, his core beliefs have not. He contends that we should hold on to the legacy that has enriched evangelicalism in the past. The Christian life in its healthiest form, says Mouw, is always a matter of holding on to essentials while constantly moving on along paths that we can walk in faithfulness only by seeking the continuing guidance of the light of God's Word. As Mouw affirms the essentials of the evangelical faith, he helps a new generation see the wisdom embodied in them."--
Assigning source Provided by publisher
650 #0 - SUBJECT ADDED ENTRY--TOPICAL TERM
Topical term or geographic name entry element Evangelicalism
Geographic subdivision United States
9 (RLIN) 914
650 #0 - SUBJECT ADDED ENTRY--TOPICAL TERM
Topical term or geographic name entry element Christianity and culture
Geographic subdivision United States
9 (RLIN) 2450
942 ## - ADDED ENTRY ELEMENTS (KOHA)
Source of classification or shelving scheme Dewey Decimal Classification
Koha item type Books
Holdings
Withdrawn status Lost status Source of classification or shelving scheme Damaged status Not for loan Home library Current Library Shelving location Date acquired Total checkouts Full call number Barcode Date last seen Copy number Price effective from Koha item type
    Dewey Decimal Classification     GRACE BIBLE COLLEGE GRACE BIBLE COLLEGE Church History 2022-06-17   277.3082 MOU 015686 2025-05-01 c.1 2022-06-17 Books
© Grace Bible College Library 2025